[Event "Titled Tuesday intern op 06th Feb Early"]
[Site "Chess.com INT"]
[Date "2024.02.06"]
[Round "1"]
[White "Delorme, Axel"]
[Black "Alonso Rosell, Alvar"]
[Result "1/2-1/2"]
[WhiteElo "2488"]
[BlackElo "2564"]
[PlyCount "71"]
[EventDate "2024.02.06"]
[EventType "swiss (blitz)"]
[EventRounds "11"]
[EventCountry "USA"]
[SourceTitle "CB07_2024"]
[SourceDate "2024.02.14"]
[SourceVersion "1"]
[SourceVersionDate "2024.02.14"]
[SourceQuality "1"]

1. e4 c6 2. d4 d5 3. Nc3 dxe4 4. Nxe4 Nf6 5. Nxf6+ exf6 6. Bc4 Bd6 7. Qe2+ Be7 8. Nf3 0-0 9. 0-0 Nd7 10. Re1 Re8 11. Bf4 Nf8 12. c3 Be6 13. h3 Qd7 14. Rad1 Rad8 15. Bg3 b5 16. Bxe6 Nxe6 17. b3 Qd5 18. c4 bxc4 19. bxc4 Qa5 20. Qc2 Nxd4 21. Rxd4 Rxd4 22. Rxe7 Rxe7 23. Nxd4 Qc5 24. Nf5 Re1+ 25. Kh2 g6 26. Ne3 Qd4 27. Qb3 h5 28. Qb8+ Kg7 29. Bd6 Kh7 30. Qf8 f5 31. Qxf7+ Qg7 32. Qe8 Qa1 33. Qf7+ Qg7 34. Qe8 Qg8 35. Qd7+ Qg7 36. Qe8 1/2-1/2

[Event "Titled Tuesday intern op 06th Feb Early"]
[Site "Chess.com INT"]
[Date "2024.02.06"]
[Round "2"]
[White "Finek, Vaclav"]
[Black "Delorme, Axel"]
[Result "1-0"]
[WhiteElo "2429"]
[BlackElo "2488"]
[PlyCount "119"]
[EventDate "2024.02.06"]
[EventType "swiss (blitz)"]
[EventRounds "11"]
[EventCountry "USA"]
[SourceTitle "CB07_2024"]
[SourceDate "2024.02.14"]
[SourceVersion "1"]
[SourceVersionDate "2024.02.14"]
[SourceQuality "1"]

1. d4 d5 2. c4 e6 3. Nf3 c6 4. g3 dxc4 5. Bg2 b5 6. 0-0 Bb7 7. a4 Nd7 8. e4 Ngf6 9. Qe2 Be7 10. Nc3 b4 11. Nd1 a5 12. Re1 Nb6 13. Bf4 0-0 14. Ne5 Nfd7 15. Nxc4 Ba6 16. b3 Nxc4 17. bxc4 e5 18. dxe5 g5 19. Be3 Nxe5 20. Nb2 Qd7 21. f4 gxf4 22. gxf4 Ng4 23. Rad1 Qc8 24. Bh3 f5 25. Bd4 Bh4 26. exf5 Nf6 27. Qe6+ Qxe6 28. fxe6 Bxe1 29. Rxe1 Rae8 30. e7 Rf7 31. Be6 Bc8 32. Bxf7+ Kxf7 33. Nd3 Rxe7 34. Rxe7+ Kxe7 35. Bb6 Bf5 36. Nb2 Ne4 37. Bxa5 c5 38. Bc7 Kd7 39. Be5 Kc6 40. Kg2 Nc3 41. Kf3 Bc2 42. a5 Kb7 43. Ke3 Ka6 44. Kd2 Kxa5 45. Bxc3 bxc3+ 46. Kxc3 Bf5 47. Nd3 Kb6 48. Ne5 Kc7 49. h4 Kd6 50. Kd2 Ke6 51. Ke3 Kd6 52. Nf3 h5 53. Ng5 Ke7 54. Ne4 Bxe4 55. Kxe4 Ke6 56. f5+ Kf6 57. Kf4 Kf7 58. Kg5 Kg7 59. Kxh5 Kf6 60. Kg4 1-0

[Event "Titled Tuesday intern op 23rd Jan Late"]
[Site "Chess.com INT"]
[Date "2024.01.23"]
[Round "2"]
[White "Bolanos Lopez, Juan Jacobo"]
[Black "Delorme, Axel"]
[Result "0-1"]
[WhiteElo "2039"]
[BlackElo "2487"]
[PlyCount "132"]
[EventDate "2024.01.23"]
[EventType "swiss (blitz)"]
[EventRounds "11"]
[EventCountry "USA"]
[SourceTitle "CB05_2024"]
[SourceDate "2024.01.31"]
[SourceVersion "1"]
[SourceVersionDate "2024.01.31"]
[SourceQuality "1"]

1. e4 c6 2. Nf3 d5 3. Nc3 Bg4 4. d4 e6 5. h3 Bh5 6. g4 Bg6 7. Ne5 Bxe4 8. Nxe4 dxe4 9. Bg2 Nd7 10. Nxd7 Qxd7 11. Bxe4 Nf6 12. Bg2 Bd6 13. 0-0 0-0 14. Bg5 h6 15. Bxf6 gxf6 16. Be4 Qc7 17. Qf3 Kg7 18. Bd3 Bf4 19. Rfe1 Qd6 20. Re4 Bg5 21. c3 Rfd8 22. Rae1 c5 23. R4e2 cxd4 24. Qe4 Rh8 25. cxd4 Rad8 26. Qxb7 Rd7 27. Qe4 Qxd4 28. Qxd4 Rxd4 29. Bb5 h5 30. Re4 Rxe4 31. Rxe4 Rb8 32. a4 hxg4 33. hxg4 a6 34. Bxa6 Rxb2 35. Bb5 Bd2 36. Re2 Rb1+ 37. Kg2 Ba5 38. Rc2 Kg6 39. Rc6 Kg5 40. Be2 Bb6 41. a5 Bd4 42. a6 Rb2 43. Rc4 e5 44. Ra4 Rxe2 45. a7 Rxf2+ 46. Kg3 Bxa7 47. Rxa7 Rb2 48. Rxf7 Rb4 49. Rg7+ Kh6 50. Rf7 Kg6 51. Rf8 Rb3+ 52. Kg2 Kg5 53. Rg8+ Kf4 54. Rg6 Rb2+ 55. Kf1 Rb6 56. g5 Rb1+ 57. Kf2 Rb2+ 58. Ke1 f5 59. Rg8 Rg2 60. g6 e4 61. g7 Kf3 62. Rf8 Rxg7 63. Rxf5+ Ke3 64. Rf1 Ra7 65. Kd1 Ra1+ 66. Kc2 Rxf1 0-1

[Event "Titled Tuesday intern op 23rd Jan Late"]
[Site "Chess.com INT"]
[Date "2024.01.23"]
[Round "1"]
[White "Delorme, Axel"]
[Black "Zakhartsov, Vladimir"]
[Result "0-1"]
[WhiteElo "2487"]
[BlackElo "2509"]
[PlyCount "44"]
[EventDate "2024.01.23"]
[EventType "swiss (blitz)"]
[EventRounds "11"]
[EventCountry "USA"]
[SourceTitle "CB05_2024"]
[SourceDate "2024.01.31"]
[SourceVersion "1"]
[SourceVersionDate "2024.01.31"]
[SourceQuality "1"]

1. d4 Nf6 2. Nf3 d5 3. e3 c5 4. c4 cxd4 5. Nxd4 e5 6. Nf3 e4 7. Nd4 dxc4 8. Bxc4 Bd6 9. Nb5 Bb4+ 10. Bd2 Be7 11. Bc3 Qxd1+ 12. Kxd1 Na6 13. Nd2 0-0 14. a3 Nc5 15. b4 Nd3 16. Bxd3 exd3 17. f3 Bd7 18. Nd4 Nd5 19. Bb2 Nxe3+ 20. Ke1 Bf6 21. Kf2 Nc2 22. Rac1 Bxd4+ 0-1

[Event "Titled Tuesday intern op 16th Jan Late"]
[Site "Chess.com INT"]
[Date "2024.01.16"]
[Round "8"]
[White "Bryant, Todd C"]
[Black "Delorme, Axel"]
[Result "0-1"]
[WhiteElo "2084"]
[BlackElo "2487"]
[PlyCount "54"]
[EventDate "2024.01.16"]
[EventType "swiss (blitz)"]
[EventRounds "11"]
[EventCountry "USA"]
[SourceTitle "CB04_2024"]
[SourceDate "2023.10.16"]
[SourceVersion "1"]
[SourceVersionDate "2023.10.16"]
[SourceQuality "1"]

1. e4 e6 2. d4 d5 3. e5 c5 4. c3 cxd4 5. cxd4 Nc6 6. Nf3 Nh6 7. Bxh6 gxh6 8. Nc3 Bd7 9. Bd3 Qb6 10. Ne2 Bb4+ 11. Kf1 0-0-0 12. a3 Be7 13. b4 Kb8 14. g3 f6 15. b5 Na5 16. exf6 Bxf6 17. Kg2 Rhf8 18. Rb1 h5 19. Qd2 h4 20. Qf4+ Ka8 21. Nxh4 e5 22. Qh6 e4 23. Bc2 Bxd4 24. Qxb6 Rxf2+ 25. Kg1 Bxb6 26. Bd1 Bh3 27. Ba4 Rf1# 0-1

[Event "Titled Tuesday intern op 16th Jan Late"]
[Site "Chess.com INT"]
[Date "2024.01.16"]
[Round "5"]
[White "Minina, Veronika"]
[Black "Delorme, Axel"]
[Result "1-0"]
[WhiteElo "2057"]
[BlackElo "2487"]
[PlyCount "101"]
[EventDate "2024.01.16"]
[EventType "swiss (blitz)"]
[EventRounds "11"]
[EventCountry "USA"]
[SourceTitle "CB04_2024"]
[SourceDate "2023.10.16"]
[SourceVersion "1"]
[SourceVersionDate "2023.10.16"]
[SourceQuality "1"]

1. Nf3 Nf6 2. g3 g6 3. Bg2 Bg7 4. 0-0 d6 5. c4 0-0 6. Nc3 Nc6 7. d4 Rb8 8. Bf4 a6 9. Rc1 Nh5 10. Bg5 h6 11. Be3 Nf6 12. d5 Na5 13. b3 c5 14. h3 b5 15. cxb5 axb5 16. Nd2 Ba6 17. Re1 Qd7 18. Nde4 Ra8 19. Nxf6+ Bxf6 20. Ne4 Bg7 21. Qd2 b4 22. Bxh6 Rfc8 23. Bxg7 Kxg7 24. Qb2+ Kg8 25. Ng5 Qf5 26. h4 Qf6 27. Qxf6 exf6 28. Ne4 Rd8 29. Nxf6+ Kg7 30. Ne4 c4 31. bxc4 Bxc4 32. Rb1 Rab8 33. Rb2 Bxd5 34. Reb1 Nc4 35. Rxb4 Bxe4 36. Rxb8 Rd7 37. R1b4 Bxg2 38. Kxg2 d5 39. a4 Ra7 40. R8b7 Ra6 41. e3 Kf6 42. e4 Ke5 43. exd5 Kxd5 44. R7b5+ Kd4 45. Rb8 Kc3 46. R4b5 Rxa4 47. Rf8 Nd6 48. Rc5+ Kd4 49. Rc7 Ra6 50. Rd7 Ke5 51. Rfd8 1-0

[Event "Titled Tuesday intern op 09th Jan Early"]
[Site "Chess.com INT"]
[Date "2024.01.09"]
[Round "2"]
[White "Delorme, Axel"]
[Black "Daurimbetov, Azamat"]
[Result "1-0"]
[WhiteElo "2487"]
[BlackElo "2067"]
[PlyCount "65"]
[EventDate "2024.01.09"]
[EventType "swiss (blitz)"]
[EventRounds "11"]
[EventCountry "USA"]
[SourceTitle "CB03_2024"]
[SourceDate "2024.01.17"]
[SourceVersion "1"]
[SourceVersionDate "2024.01.17"]
[SourceQuality "1"]

1. e4 e5 2. Nf3 Nc6 3. Bb5 a6 4. Ba4 Nf6 5. 0-0 Be7 6. Re1 b5 7. Bb3 0-0 8. a4 Rb8 9. axb5 axb5 10. c3 d5 11. exd5 Nxd5 12. Nxe5 Nxe5 13. Rxe5 Nf6 14. d4 Bd6 15. Re2 Ng4 16. h3 Qh4 17. Nd2 Bb7 18. Nf1 Nf6 19. Qd2 Ne4 20. Qd3 Ba8 21. Rxa8 Nxf2 22. Rxf2 Rxa8 23. Rxf7 Rxf7 24. Bxf7+ Kh8 25. Bd5 Rf8 26. Be3 Qe1 27. Bf3 h6 28. Qe2 Qh4 29. Bf2 Qg5 30. Nd2 Qf4 31. Nf1 Qg5 32. Qe4 Qc1 33. Be2 1-0

[Event "Titled Tuesday intern op 09th Jan Early"]
[Site "Chess.com INT"]
[Date "2024.01.09"]
[Round "11"]
[White "Delorme, Axel"]
[Black "Rodriguez Santiago, Jaime"]
[Result "1-0"]
[WhiteElo "2487"]
[BlackElo "2038"]
[PlyCount "93"]
[EventDate "2024.01.09"]
[EventType "swiss (blitz)"]
[EventRounds "11"]
[EventCountry "USA"]
[SourceTitle "CB03_2024"]
[SourceDate "2024.01.17"]
[SourceVersion "1"]
[SourceVersionDate "2024.01.17"]
[SourceQuality "1"]

1. e4 c6 2. d4 d5 3. Nc3 dxe4 4. Nxe4 Nf6 5. Nxf6+ exf6 6. Bc4 Bd6 7. Qe2+ Be7 8. Nf3 0-0 9. 0-0 Bd6 10. Re1 Nd7 11. h3 Nb6 12. Bd3 Nd5 13. c3 Bd7 14. Qe4 g6 15. Bh6 Re8 16. Qh4 Be6 17. a3 b5 18. Nd2 Bf8 19. Bxf8 Rxf8 20. Ne4 Kg7 21. Nc5 Qd6 22. a4 a6 23. a5 Nf4 24. Qg3 Qb8 25. Be4 Bd5 26. Nd7 Qd6 27. Nxf8 Rxf8 28. Bxd5 cxd5 29. Re3 g5 30. Rae1 h5 31. h4 Kg6 32. Re8 Rxe8 33. Rxe8 Qc7 34. Qf3 Qxa5 35. hxg5 fxg5 36. Rg8+ Kh6 37. g3 Kh7 38. Rc8 Nh3+ 39. Kh2 Kg7 40. Qf5 g4 41. Qxh5 Qb6 42. Qxg4+ Kf6 43. Qxh3 a5 44. Qh4+ Ke6 45. Re8+ Kd7 46. Qe7+ Kc6 47. Rc8+ 1-0

[Event "Titled Tuesday intern op 19th Dec Early"]
[Site "Chess.com INT"]
[Date "2023.12.19"]
[Round "10"]
[White "Delorme, Axel"]
[Black "Piddubna, Bozhena"]
[Result "1-0"]
[WhiteElo "2487"]
[BlackElo "2035"]
[PlyCount "137"]
[EventDate "2023.12.19"]
[EventType "swiss (blitz)"]
[EventRounds "11"]
[EventCountry "USA"]
[SourceTitle "CB52_2023"]
[SourceDate "2023.12.27"]
[SourceVersion "1"]
[SourceVersionDate "2023.12.27"]
[SourceQuality "1"]

1. e4 e5 2. Nf3 Nc6 3. Bb5 a6 4. Ba4 Nf6 5. 0-0 Be7 6. Re1 b5 7. Bb3 d6 8. c3 Na5 9. Bc2 c5 10. d4 exd4 11. cxd4 Bg4 12. Nbd2 0-0 13. h3 Bh5 14. d5 Nd7 15. b3 Bf6 16. Rb1 Ne5 17. Bb2 Nxf3+ 18. Nxf3 c4 19. g4 Bg6 20. Bxf6 Qxf6 21. b4 Nb7 22. Kg2 a5 23. Qd4 Qxd4 24. Nxd4 axb4 25. Rxb4 Rxa2 26. Rxb5 Nc5 27. Rb6 Rxc2 28. Nxc2 Bxe4+ 29. Rxe4 Nxe4 30. f3 Nf6 31. Rxd6 Rb8 32. Kg3 Kf8 33. Nd4 Ke7 34. Nf5+ Kf8 35. g5 Ne8 36. Rc6 Rd8 37. Ne3 f6 38. h4 fxg5 39. hxg5 Nd6 40. Kf4 Ke7 41. Ke5 Nf7+ 42. Kf4 Nd6 43. Ke5 Nf7+ 44. Kd4 Nxg5 45. f4 Nf7 46. Nf5+ Kf8 47. Kxc4 g6 48. Nd4 Ke7 49. Re6+ Kf8 50. Ra6 Ke7 51. Nc6+ Ke8 52. Nxd8 Kxd8 53. Ra7 Nd6+ 54. Kc5 Ne4+ 55. Kd4 Nd6 56. Rxh7 Nf5+ 57. Ke5 Ne7 58. Ke6 Nf5 59. d6 Kc8 60. Rh8+ Kb7 61. d7 Ng7+ 62. Kd5 g5 63. d8Q gxf4 64. Qc8+ Kb6 65. Qc6+ Ka5 66. Ra8+ Kb4 67. Ra4+ Kb3 68. Qc4+ Kb2 69. Ra2+ 1-0

[Event "Titled Tuesday intern op 19th Dec Early"]
[Site "Chess.com INT"]
[Date "2023.12.19"]
[Round "11"]
[White "Rangel, Daniel"]
[Black "Delorme, Axel"]
[Result "1-0"]
[WhiteElo "2176"]
[BlackElo "2487"]
[PlyCount "121"]
[EventDate "2023.12.19"]
[EventType "swiss (blitz)"]
[EventRounds "11"]
[EventCountry "USA"]
[SourceTitle "CB52_2023"]
[SourceDate "2023.12.27"]
[SourceVersion "1"]
[SourceVersionDate "2023.12.27"]
[SourceQuality "1"]

1. c4 e6 2. g3 d5 3. Bg2 dxc4 4. Nf3 Nf6 5. Qa4+ Nbd7 6. Qxc4 a6 7. 0-0 b5 8. Qc2 Bb7 9. a4 c5 10. d3 Be7 11. Nc3 b4 12. Nd1 0-0 13. Ne3 Rc8 14. Nc4 Nb6 15. Nfe5 Bxg2 16. Kxg2 Qd5+ 17. e4 Qb7 18. Be3 Rfd8 19. Nxb6 Qxb6 20. Nc4 Qb7 21. a5 Nd7 22. Kg1 h5 23. Qe2 h4 24. Qg4 hxg3 25. hxg3 Bf6 26. f4 Nf8 27. e5 Be7 28. Rad1 Ng6 29. Rf2 Kf8 30. Rh2 Ke8 31. f5 exf5 32. Qxf5 Qd7 33. Qe4 Qe6 34. Rf2 Rc7 35. Rdf1 Bf8 36. Bg5 Rd4 37. Qa8+ Rc8 38. Qb7 Qd7 39. Rxf7 Qxb7 40. Rxb7 Rxd3 41. Nd6+ Bxd6 42. exd6 Rxd6 43. Rxg7 c4 44. Rg8+ Kd7 45. Rf7+ Kc6 46. Rxc8+ Kb5 47. Rf5+ Ka4 48. Rxc4 Rd1+ 49. Kg2 Rd3 50. Rc6 Kb3 51. Rxa6 Kxb2 52. Rxg6 b3 53. Rf2+ Ka3 54. Rb6 b2 55. a6 Rb3 56. Rxb3+ Kxb3 57. Rxb2+ Kxb2 58. a7 Kb3 59. a8Q Kc4 60. Qe4+ Kc5 61. Kf3 1-0

[Event "Titled Tuesday intern op 19th Dec Early"]
[Site "Chess.com INT"]
[Date "2023.12.19"]
[Round "4"]
[White "Weishaeutel, Moritz"]
[Black "Delorme, Axel"]
[Result "1-0"]
[WhiteElo "2386"]
[BlackElo "2487"]
[PlyCount "59"]
[EventDate "2023.12.19"]
[EventType "swiss (blitz)"]
[EventRounds "11"]
[EventCountry "USA"]
[SourceTitle "CB52_2023"]
[SourceDate "2023.12.27"]
[SourceVersion "1"]
[SourceVersionDate "2023.12.27"]
[SourceQuality "1"]

1. e4 c5 2. d4 cxd4 3. c3 dxc3 4. Nxc3 Nc6 5. Nf3 e6 6. Bc4 a6 7. 0-0 b5 8. Bb3 Bb7 9. Re1 Na5 10. a4 Nxb3 11. Qxb3 b4 12. Nd5 Bxd5 13. exd5 Nf6 14. Bf4 Bc5 15. Rac1 Qb6 16. a5 Qxa5 17. dxe6 dxe6 18. Rxe6+ fxe6 19. Qxe6+ Kf8 20. Rxc5 Qxc5 21. Bd6+ Qxd6 22. Qxd6+ Ke8 23. Ne5 Rf8 24. f4 a5 25. g4 h6 26. Qe6+ Kd8 27. Qd6+ Ke8 28. g5 hxg5 29. fxg5 Ng8 30. Qd7# 1-0

[Event "Titled Tuesday intern op 22nd Aug Early"]
[Site "Chess.com INT"]
[Date "2023.08.22"]
[Round "2"]
[White "Delorme, Axel"]
[Black "Hoang, Thi Bao Tram"]
[Result "0-1"]
[WhiteElo "2495"]
[BlackElo "2266"]
[PlyCount "148"]
[EventDate "2023.08.22"]
[EventType "swiss (blitz)"]
[EventRounds "11"]
[EventCountry "USA"]
[SourceTitle "EXT 2024"]
[Source "ChessBase"]
[SourceDate "2023.10.10"]
[SourceVersion "1"]
[SourceVersionDate "2023.10.10"]
[SourceQuality "1"]

1. d4 d5 2. Nf3 Nf6 3. g3 g6 4. Bg2 Bg7 5. 0-0 c6 6. c4 Be6 7. cxd5 cxd5 8. Nc3 Nc6 9. Ne5 0-0 10. Bf4 Rc8 11. Qd2 Na5 12. Rfd1 Nc4 13. Nxc4 Rxc4 14. Rac1 a6 15. b3 Rc8 16. Na4 Nd7 17. Qb4 Rxc1 18. Rxc1 Qa8 19. Nc5 Nxc5 20. Qxc5 Rc8 21. Qxe7 Rxc1+ 22. Bxc1 Bxd4 23. e3 Qc8 24. Ba3 Bg7 25. Qc5 Qd7 26. Qd6 Qc8 27. h4 h5 28. Bxd5 Bxd5 29. Qxd5 Qc2 30. Qd8+ Kh7 31. Bf8 Qxa2 32. Bxg7 Kxg7 33. Qd4+ Kg8 34. Qd5 b5 35. Qd8+ Kg7 36. Qd4+ Kg8 37. Qc3 Qa3 38. e4 a5 39. e5 b4 40. Qc8+ Kg7 41. Qc4 Qa1+ 42. Kh2 Qxe5 43. Qa6 Qd5 44. Qe2 Qxb3 45. Qe5+ Kh7 46. g4 Qe6 47. Qxa5 Qxg4 48. Qd8 b3 49. Qf6 Qf5 50. Qb2 Qf4+ 51. Kg2 Qg4+ 52. Kh2 Qxh4+ 53. Kg2 Qe4+ 54. Kh2 Qc4 55. Qf6 Kg8 56. Qd8+ Kg7 57. Qd2 Qc7+ 58. Kg2 Qe5 59. f4 Qf6 60. Qb4 b2 61. Kg3 Kh6 62. Qd2 Kg7 63. Qb4 Kg8 64. Kf3 h4 65. Kg4 Kg7 66. Qb3 Kh6 67. Qb4 Qf5+ 68. Kxh4 b1Q 69. Qf8+ Kh7 70. Qc5 Qxc5 71. Kg3 Qe3+ 72. Kg4 Qbg1+ 73. Kh4 Qxf4+ 74. Kh3 Qgg3# 0-1

[Event "Titled Tuesday intern op 22nd Aug Late"]
[Site "Chess.com INT"]
[Date "2023.08.22"]
[Round "7"]
[White "Delorme, Axel"]
[Black "Jovic, Stanoje"]
[Result "1-0"]
[WhiteElo "2495"]
[BlackElo "2075"]
[PlyCount "93"]
[EventDate "2023.08.22"]
[EventType "swiss (blitz)"]
[EventRounds "11"]
[EventCountry "USA"]
[SourceTitle "EXT 2024"]
[Source "ChessBase"]
[SourceDate "2023.10.10"]
[SourceVersion "1"]
[SourceVersionDate "2023.10.10"]
[SourceQuality "1"]

1. d4 Nf6 2. Nf3 e6 3. g3 c5 4. Bg2 Nc6 5. 0-0 d5 6. c4 dxc4 7. Qa4 Bd7 8. Qxc4 Qb6 9. Nc3 cxd4 10. Nb5 Bc5 11. Bf4 Nd5 12. Rfc1 Nxf4 13. gxf4 a6 14. Qxc5 Qxc5 15. Rxc5 axb5 16. Rxb5 Ra7 17. a3 Ke7 18. Rd1 Rc8 19. Rc5 Ra4 20. Rdc1 f6 21. Kf1 Kd6 22. R5c4 Rxc4 23. Rxc4 e5 24. fxe5+ fxe5 25. Nd2 Bf5 26. Ne4+ Bxe4 27. Bxe4 h6 28. b4 Ra8 29. b5 Na5 30. Ra4 Kc5 31. Bxb7 Ra7 32. Ba6 Nc4 33. Rb4 Nb6 34. Rb1 Kc4 35. a4 Kc3 36. a5 Nc4 37. Rc1+ Kb4 38. Rxc4+ Kxc4 39. b6+ Rxa6 40. b7 Rxa5 41. b8Q e4 42. Qc7+ Rc5 43. Qxg7 d3 44. exd3+ exd3 45. Qxh6 Kc3 46. Qc1+ Kd4 47. Qxc5+ 1-0

[Event "Titled Tuesday intern op 22nd Aug Late"]
[Site "Chess.com INT"]
[Date "2023.08.22"]
[Round "6"]
[White "Vafin, Ayrat"]
[Black "Delorme, Axel"]
[Result "0-1"]
[WhiteElo "2302"]
[BlackElo "2495"]
[PlyCount "96"]
[EventDate "2023.08.22"]
[EventType "swiss (blitz)"]
[EventRounds "11"]
[EventCountry "USA"]
[SourceTitle "EXT 2024"]
[Source "ChessBase"]
[SourceDate "2023.10.10"]
[SourceVersion "1"]
[SourceVersionDate "2023.10.10"]
[SourceQuality "1"]

1. Nf3 c5 2. g3 g6 3. Bg2 Bg7 4. d4 cxd4 5. Nxd4 Nc6 6. Nxc6 dxc6 7. c4 Qxd1+ 8. Kxd1 Be6 9. Na3 Nf6 10. e4 Ng4 11. Ke2 Ne5 12. Rd1 Nxc4 13. Nxc4 Bxc4+ 14. Ke1 Rd8 15. Be3 Bxb2 16. Rxd8+ Kxd8 17. Rd1+ Kc7 18. f4 Rd8 19. Rxd8 Kxd8 20. Bxa7 Bxa2 21. Bb6+ Kd7 22. Kd2 f6 23. Bh3+ Be6 24. Bg2 Ba3 25. Kc3 Bd6 26. Kd4 Bc7 27. Kc5 h5 28. Bf1 Bxb6+ 29. Kxb6 Bb3 30. h4 Kd6 31. Bd3 c5 32. e5+ fxe5 33. fxe5+ Kd5 34. Bxg6 c4 35. g4 c3 36. gxh5 c2 37. h6 c1Q 38. h7 Qc6+ 39. Ka7 Qc8 40. Bf7+ e6 41. Bg8 Qc5+ 42. Kb8 Qf8+ 43. Ka7 Qg7 44. h5 Kxe5 45. h6 Qh8 46. Kxb7 Bd5+ 47. Kc7 Kd4 48. Kd7 e5 0-1

[Event "Titled Tuesday intern op 15th Aug Early"]
[Site "Chess.com INT"]
[Date "2023.08.15"]
[Round "8"]
[White "Delorme, Axel"]
[Black "Haug, Havard"]
[Result "1/2-1/2"]
[WhiteElo "2495"]
[BlackElo "2199"]
[PlyCount "118"]
[EventDate "2023.08.15"]
[EventType "swiss (blitz)"]
[EventRounds "11"]
[EventCountry "USA"]
[SourceTitle "EXT 2024"]
[Source "ChessBase"]
[SourceDate "2023.10.10"]
[SourceVersion "1"]
[SourceVersionDate "2023.10.10"]
[SourceQuality "1"]

1. e4 c6 2. d4 d5 3. Nc3 dxe4 4. Nxe4 Nf6 5. Nxf6+ exf6 6. Bc4 Bd6 7. Qe2+ Be7 8. Nf3 0-0 9. 0-0 Re8 10. Re1 Nd7 11. Bf4 Nf8 12. h3 Be6 13. Rad1 Qd7 14. c3 Rad8 15. Bg3 Bd6 16. Bxd6 Qxd6 17. Qf1 Ng6 18. g3 Bd5 19. Bxd5 Qxd5 20. Kg2 Qxa2 21. Qd3 b5 22. Rxe8+ Rxe8 23. h4 Qxb2 24. h5 Nf8 25. c4 bxc4 26. Qxc4 Re2 27. Rf1 Qc2 28. Qa6 Qf5 29. Qxe2 Qxh5 30. Qe8 g6 31. Qxc6 Ne6 32. Qe4 f5 33. Qh4 Qxh4 34. gxh4 Nf4+ 35. Kh2 Kf8 36. Ra1 Ke7 37. Rxa7+ Ke6 38. Ng5+ Kd5 39. Rxf7 h6 40. Nf3 Ke4 41. Ne5 Kxd4 42. Nf3+ Ke4 43. Ng1 g5 44. hxg5 hxg5 45. Re7+ Kd5 46. Kg3 Nh5+ 47. Kh2 Nf4 48. Nf3 g4 49. Re5+ Kd6 50. Rxf5 Nd3 51. Ng1 Ke6 52. Rf8 Ke7 53. Rg8 Nxf2 54. Kg2 Nd1 55. Kg3 Ne3 56. Kf4 Nd5+ 57. Kg3 Nf6 58. Rg5 Ne4+ 59. Kxg4 Nxg5 1/2-1/2

[Event "Titled Tuesday intern op 15th Aug Late"]
[Site "Chess.com INT"]
[Date "2023.08.15"]
[Round "1"]
[White "Delorme, Axel"]
[Black "Kovalev, Vladislav"]
[Result "0-1"]
[WhiteElo "2495"]
[BlackElo "2582"]
[PlyCount "36"]
[EventDate "2023.08.15"]
[EventType "swiss (blitz)"]
[EventRounds "11"]
[EventCountry "USA"]
[SourceTitle "EXT 2024"]
[Source "ChessBase"]
[SourceDate "2023.10.10"]
[SourceVersion "1"]
[SourceVersionDate "2023.10.10"]
[SourceQuality "1"]

1. e4 e5 2. Nf3 Nc6 3. Bb5 a6 4. Ba4 Nf6 5. 0-0 Be7 6. Re1 b5 7. Bb3 d6 8. c3 0-0 9. h3 Be6 10. Bxe6 fxe6 11. Qb3 d5 12. exd5 Nxd5 13. Nxe5 Nxe5 14. Rxe5 Bd6 15. Rxe6 Qh4 16. Re2 c6 17. d4 Rae8 18. Be3 Rxe3 0-1

[Event "Titled Tuesday intern op 15th Aug Early"]
[Site "Chess.com INT"]
[Date "2023.08.15"]
[Round "5"]
[White "Delorme, Axel"]
[Black "Smietanska, Wiktoria"]
[Result "1-0"]
[WhiteElo "2495"]
[BlackElo "2017"]
[PlyCount "93"]
[EventDate "2023.08.15"]
[EventType "swiss (blitz)"]
[EventRounds "11"]
[EventCountry "USA"]
[SourceTitle "EXT 2024"]
[Source "ChessBase"]
[SourceDate "2023.10.10"]
[SourceVersion "1"]
[SourceVersionDate "2023.10.10"]
[SourceQuality "1"]

1. e4 c5 2. Nf3 d6 3. Bb5+ Nd7 4. Ba4 Ngf6 5. 0-0 Nxe4 6. Re1 Nef6 7. d4 cxd4 8. Nxd4 e6 9. Nb5 d5 10. Bf4 e5 11. Nc7+ Qxc7 12. Bxe5 Qc4 13. Bxf6+ Be7 14. Rxe7+ Kf8 15. Qe1 gxf6 16. Bxd7 Bxd7 17. Rxd7 Re8 18. Qf1 Qb4 19. Nc3 Qxb2 20. Nxd5 Kg7 21. Ne3 Rhg8 22. Rb1 Qxa2 23. Rbxb7 Rb8 24. Rxa7 Qe6 25. Rxf7+ Qxf7 26. Rxf7+ Kxf7 27. g3 Rbd8 28. Qc4+ Kg6 29. Kg2 Rd2 30. Qe4+ Kf7 31. h4 Rgd8 32. Qxh7+ Kf8 33. Nf5 R8d7 34. Qh6+ Kf7 35. h5 Re2 36. Qg6+ Ke6 37. Qe8+ Kxf5 38. Qxe2 Kg5 39. f4+ Kh6 40. Qg4 Rg7 41. Qxg7+ Kxg7 42. c4 f5 43. c5 Kf7 44. c6 Ke7 45. h6 Kd6 46. h7 Kxc6 47. h8Q 1-0

[Event "Riga Tech op-A"]
[Site "Riga"]
[Date "2023.08.10"]
[Round "5"]
[White "Tomaszewski, Kacper"]
[Black "Delorme, Axel"]
[Result "1-0"]
[WhiteElo "2321"]
[BlackElo "2495"]
[PlyCount "61"]
[EventDate "2023.08.07"]
[EventType "swiss"]
[EventRounds "9"]
[EventCountry "LAT"]
[SourceTitle "CBM 215 Extra"]
[Source "ChessBase"]
[SourceDate "2023.09.30"]
[SourceVersion "1"]
[SourceVersionDate "2023.09.30"]
[SourceQuality "1"]

1. d4 Nf6 2. c4 e6 3. Nc3 Bb4 4. Bf4 Bxc3+ 5. bxc3 b6 6. Qc2 Bb7 7. Nh3 d6 8. f3 Nc6 9. e4 Qe7 10. Be3 Nd7 11. Bd3 0-0-0 12. 0-0 Kb8 13. f4 Na5 14. Rab1 Ba6 15. Qa4 Ka8 16. Nf2 e5 17. fxe5 dxe5 18. c5 Bxd3 19. Nxd3 exd4 20. Bxd4 Qxe4 21. Nb4 Nxc5 22. Bxc5 Rd2 23. Bf2 c5 24. Rbe1 Qc4 25. Re8+ Rd8 26. Re7 cxb4 27. Rxa7+ Kxa7 28. Qxa5+ Kb7 29. Qxb6+ Kc8 30. Bg3 Rhf8 31. Re1 1-0

[Event "Titled Tuesday intern op 08th Aug Late"]
[Site "Chess.com INT"]
[Date "2023.08.08"]
[Round "11"]
[White "Delorme, Axel"]
[Black "Fiorito, Joaquin"]
[Result "1-0"]
[WhiteElo "2495"]
[BlackElo "2409"]
[PlyCount "121"]
[EventDate "2023.08.08"]
[EventType "swiss (blitz)"]
[EventRounds "11"]
[EventCountry "USA"]
[SourceTitle "EXT 2024"]
[Source "ChessBase"]
[SourceDate "2023.10.10"]
[SourceVersion "1"]
[SourceVersionDate "2023.10.10"]
[SourceQuality "1"]

1. e4 c5 2. Nf3 d6 3. Bb5+ Nd7 4. Ba4 Ngf6 5. 0-0 g6 6. Re1 Bg7 7. c3 0-0 8. d4 cxd4 9. cxd4 a6 10. Nc3 b5 11. Bb3 Bb7 12. a3 Rc8 13. h3 Nb6 14. e5 dxe5 15. dxe5 Nfd5 16. Nxd5 Bxd5 17. Be3 Bxb3 18. Qxb3 Nc4 19. Rad1 Qc7 20. Bd4 Rfd8 21. e6 Bxd4 22. Rxd4 Rxd4 23. exf7+ Kxf7 24. Nxd4 Qf4 25. Nf3 Kf8 26. a4 Nd6 27. axb5 axb5 28. g3 Qf7 29. Qe3 Nf5 30. Qe5 Qf6 31. Qxb5 Rd8 32. Qe5 Kf7 33. g4 Nd6 34. Ng5+ Kg8 35. Qxe7 Qxe7 36. Rxe7 h6 37. Ne6 Rb8 38. Rg7+ Kh8 39. Rxg6 Nf7 40. Rf6 Kg8 41. h4 Rxb2 42. g5 hxg5 43. hxg5 Rb6 44. g6 Rb1+ 45. Kg2 Rb7 46. Rxf7 Rb8 47. Rf8+ Rxf8 48. Nxf8 Kxf8 49. f4 Kg7 50. f5 Kf6 51. Kf3 Kxf5 52. g7 Kg6 53. g8Q+ Kf6 54. Qd5 Ke7 55. Qc6 Kd8 56. Qb7 Ke8 57. Ke4 Kf8 58. Ke5 Kg8 59. Ke6 Kh8 60. Kf6 Kg8 61. Qg7# 1-0